Historia de la biología / (Record no. 144259)

MARC details
000 -LEADER
campo de control de longitud fija 00693nam a2200205 4500
001 - NÚMERO DE CONTROL
campo de control 144259
003 - IDENTIFICADOR DE NÚMERO DE CONTROL
campo de control ES-MaACL
005 - FECHA Y HORA DE LA ÚLTIMA TRANSACCIÓN
campo de control 20230906200957.0
007 - CAMPO FIJO DE DESCRIPCIÓN FÍSICA--INFORMACIÓN GENERAL
campo de control de longitud fija t|
008 - DATOS DE LONGITUD FIJA--INFORMACIÓN GENERAL
campo de control de longitud fija 070214s1947 ag r ||||1| spa d
080 ## - NÚMERO DE LA CLASIFICACIÓN DECIMAL UNIVERSAL
Número de la Clasificación Decimal Universal 575/77(09)
100 1# - ENTRADA PRINCIPAL--NOMBRE DE PERSONA
Nombre de persona Singer, Charles.
9 (RLIN) 106622
245 10 - MENCIÓN DEL TÍTULO
Título Historia de la biología /
Mención de responsabilidad, etc. Charles Singer ; traducción del inglés por Máximo Valentinuzzi.
250 ## - MENCION DE EDICION
Mención de edición 1ª ed., especialmente autorizada.
260 ## - PUBLICACIÓN, DISTRIBUCIÓN, ETC.
Lugar de publicación, distribución, etc. Buenos Aires :
Nombre del editor, distribuidor, etc. Espasa-Calpe Argentina,
Fecha de publicación, distribución, etc. 1947 (
Fabricante Linari & Cia.)
300 ## - DESCRIPCIÓN FÍSICA
Extensión 549 p., 1 lám. :
Otras características físicas il. ;
Dimensiones 22 cm.
650 04 - PUNTO DE ACCESO ADICIONAL DE MATERIA--TÉRMINO DE MATERIA
Término de materia o nombre geográfico como elemento de entrada Biología-
Subdivisión general Historia.
9 (RLIN) 10586
700 1# - ENTRADA AGREGADA--NOMBRE PERSONAL
Nombre de persona Valentinuzzi, Máximo.
9 (RLIN) 112620
852 ## - LOCALIZACIÓN
Ubicación ES-MaACL
Número de control de estantería F-5215
Sublocalización o colección R.26944
Holdings
Estatus retirado Estado de pérdida Estado de daño No para préstamo Biblioteca de origen Biblioteca actual Ubicación en estantería Fecha de adquisición Fuente de adquisición Total de préstamos Signatura topográfica completa Código de barras Visto por última vez Precio de reemplazo Tipo de ítem Koha
        Biblioteca del Ateneo de Madrid Biblioteca del Ateneo de Madrid Depósito 2 17/01/2008     F-5215 1150088 23/02/2023 23/02/2023 Libro impreso